LEADER 00896nam0-22003011i-450- 001 990005270660403321 005 20130522102142.0 035 $a000527066 035 $aFED01000527066 035 $a(Aleph)000527066FED01 035 $a000527066 100 $a19990604d1957----km-y0itay50------ba 101 0 $aita 105 $ay-------001yy 200 1 $a<>assistenza italiana sotto bandiera pontificia$fCarlo Falconi 210 $aMilano$cFeltrinelli$d1957 215 $a127 p.$d21 cm 225 1 $aDocumenti e discussioni$v4 610 0 $aPontificia opera d'assistenza$a1944-1955 676 $a361.32$v21$zita 700 1$aFalconi,$bCarlo$0205496 801 0$aIT$bUNINA$gRICA$2UNIMARC 901 $aBK 912 $a990005270660403321 952 $a361.32 FAL 1$bST.REL. 1261$fFLFBC 959 $aFLFBC 996 $aAssistenza italiana sotto bandiera pontificia$9538440 997 $aUNINA LEADER 01336nam a2200301 i 4500 001 991003094399707536 005 20021125155040.0 008 020426s1995 it 020 $a8820492938$c35.12 035 $ab11753389-39ule_inst 035 $aLE02522578$9ExL 040 $aFac. Economia$bita 082 0 $a658.562015195 100 1 $aWheeler, Donald J$027497 245 13$aIl controllo statistico dei processi :$bcome ridurre i costi e migliorare la qualità ottimizzando la gestione aziendale /$cDonald J. Wheeler, David S. Chambers ; edizione italiana a cura di Giacomo Ughetto 260 $aMilano :$bAngeli,$c[1995] 300 $a447 p. ;$c23 cm 490 0 $aAzienda moderna ;$v299 650 4$aProdotti industriali$xControllo di qualità$xMetodi statistici 700 1 $aChambers, David Sanderson 700 1 $aUghetto, Giacomo 907 $a.b11753389$b18-02-19$c27-11-02 912 $a991003094399707536 945 $aLE025 ECO 658.5 WHE01.01$g1$i2025000212145$lle025$n2007$o-$pE34.00$q-$rl$s- $t0$u5$v8$w5$x0$y.i14570737$z02-10-07 945 $aLE025 ECO 658.5 WHE01.01$g2$i2025000079632$lle025$nCatalogato 2019$o-$pE0.00$q-$rl$s- $t0$u4$v1$w4$x0$y.i11996602$z27-11-02 996 $aControllo statistico dei processi$9434933 997 $aUNISALENTO 998 $ale025$b01-01-02$cm$da $e-$feng$git $h3$i1